000 00800nab a2200205 4500
003 AR-RoBPED
005 20260227170959.0
008 251211d1898198?ag |||p| ||||s00| 0 spa d
040 _aAR-RoBPED
_dspa
041 _aspa
100 1 _aSolari, C.
_930067
245 1 0 _aTres mamíferos acuáticos /
_cConstantino Solari.
300 _apág. 89-91
362 _aAño 13, no. 153 (Feb. 1901)
500 _aArtículo en: Boletín de Educación. Santa Fe : Consejo General de Educación, 1886-198?. Año 13, N° 153 (feb. 1901), páginas 89-91.
500 _aIncluye "Carpincho, Quiyá y Lobo de río".
773 0 _022998
_930340
_aSanta Fe.
_dSanta Fe : Consejo General de Educación, [1886-198-?].
_tBoletín de Educación :
_w(AR-RoBPED)22998
942 _cREV
_ak. 32339
945 _aefp 11/12/2025
999 _c32339
_d32339